Tahta Dar Kay Sae Talay (Record no. 321787)

000 -LEADER
fixed length control field 00278 a2200121 4500
001 - CONTROL NUMBER
control field 86714
082 ## - DEWEY DECIMAL CLASSIFICATION NUMBER
Classification number 920.2 JAV
090 ## - LOCALLY ASSIGNED LC-TYPE CALL NUMBER (OCLC); LOCAL CALL NUMBER (RLIN)
-- 40808
-- 40808
100 ## - MAIN ENTRY--PERSONAL NAME
Personal name Javaid Hashmi
245 ## - TITLE STATEMENT
Title Tahta Dar Kay Sae Talay
Medium Urdu
260 ## - PUBLICATION, DISTRIBUTION, ETC.
Place of publication, distribution, etc. Lahore
Name of publisher, distributor, etc. Jahangir Books
Date of publication, distribution, etc. 2007
300 ## - PHYSICAL DESCRIPTION
Extent 312p.
942 ## - ADDED ENTRY ELEMENTS (KOHA)
Institution code [OBSOLETE] CAE NUST
Call number prefix 920.2 JAV
Holdings
Withdrawn status Lost status Damaged status Not for loan Collection code Permanent Location Current Location Date acquired Total Checkouts Full call number Barcode Date last seen Price effective from Koha item type
          College of Aeronautical Engineering (CAE) College of Aeronautical Engineering (CAE) 04/03/2017   920.2 JAV CAE85622 04/05/2017 04/05/2017 Book
© 2023 Central Library, National University of Sciences and Technology. All Rights Reserved.